• 首页
  • 本馆介绍
  • 公告通知
  • 最新文献
  • 馆藏检索
  • 电子资源
  • 读者导购
  • 参考咨询
  • 我的图书馆
  • 登录
  • 详细信息显示
  • 放入我的书架
  • 预约/预借图书
  • 作者相关作品
  • 分类相关作品
  • 丛书相关作品
  • 出版社相关作品

书目信息

  • 表格格式
  • 工作单格式
  • 卡片格式
题名:
国际贸易
    
 
作者: 罗义蕴 编著
分册:  
出版信息: 成都   电子科技大学出版社  1992
页数: 72页
开本: 21cm
丛书名: 英语拓展与提高读物
单 册:
中图分类: H319.4:F
科图分类:
主题词: 国际贸易--英语--课外读物 , 国际贸易 , 英语
电子资源:
ISBN: 7-81016-372-8
000 00911oam2 2200289 45
001 01200621009
005 20070113104446.53
010    @a7-81016-372-8@dCNY10.00
092    @aCN@b493182
100    @a20060506e20051992em y0chiy0121 ea
101 0  @achi@aeng
102    @aCN@b510000
105    @ay z 000yy
200 1  @a国际贸易@9guo ji mao yi@f罗义蕴编著
210    @a成都@c电子科技大学出版社@d1992@h2005重印
215    @a72页@d21cm
225 2  @a英语拓展与提高读物
330    @a本书这些短文介绍了市场时代国际贸易的各个重要领域,其中有关世界银行、倾销、关税及贸易总协定、分析市场运转及英国的进口贸易等。
461  0 @12001 @a英语拓展与提高读物
510 1  @aInterational business@zeng
606 0  @a国际贸易@x英语@j课外读物
606 0  @a国际贸易
606 0  @a英语
690    @aH319.4:F@v4
701  0 @a罗义蕴@9luo yi yun@4编著
801  0 @aCN@bLZJBOOK@c20070113
905    @a10447@dH319.4:F@e1161
    
    国际贸易/罗义蕴编著.-成都:电子科技大学出版社,1992(2005重印)
    72页;21cm.-(英语拓展与提高读物)
    
    
    ISBN 7-81016-372-8:CNY10.00
    本书这些短文介绍了市场时代国际贸易的各个重要领域,其中有关世界银行、倾销、关税及贸易总协定、分析市场运转及英国的进口贸易等。
●
相关链接 在E读中查询图书 在五车中查询图书 在当当中查询图书 在豆瓣中查询图书


正题名:国际贸易     索取号:H319.4:F/1161         预约/预借

序号 登录号 条形码 馆藏地/架位号 状态 备注
1 0563581   205635810   第二样本阅览室/ [索取号:H319.4:F/1161] 在馆    
2 0563582   205635829   第四借阅区/ [索取号:H319.4:F/1161] 在馆    
3 0563583   205635838   第四借阅区/ [索取号:H319.4:F/1161] 在馆    
4 0563584   205635847   第四借阅区/ [索取号:H319.4:F/1161] 在馆    
5 0563585   205635856   第四借阅区/ [索取号:H319.4:F/1161] 在馆    
6 0563586   205635865   第四借阅区/ [索取号:H319.4:F/1161] 在馆    
7 0563587   205635874   第四借阅区/ [索取号:H319.4:F/1161] 在馆    
8 0563588   205635883   第四借阅区/ [索取号:H319.4:F/1161] 在馆    
唐山师范学院图书馆 欢迎您!
大连网信软件有限公司© 版权所有